| 000 | 01603nam a2200325 a 4500 | ||
|---|---|---|---|
| 005 | 20180803165320.0 | ||
| 008 | 140128b2007 ck ||||| |||| 00| 0 spa d | ||
| 040 | _cCO-BoIH | ||
| 041 | _aspa | ||
| 044 | _ack | ||
| 090 |
_aIAVH _b00750 |
||
| 100 |
_aVallejo Trujillo, Florelia _95345 |
||
| 111 |
_aTalleres Conocimiento Tradicional _cMocoa-Armenia _dJunio 11-15 de 2007 _930099 |
||
| 245 | _aFortalecimiento de las comunidades en sus capacidades de negociación en acceso a recursos genéticos, conocimiento tradicional y biopiratería | ||
| 246 | _aMemoria Talleres conocimiento tradicional Mocoa- Armenia 2007 | ||
| 260 |
_aBogotá _bInstituto Alexander von Humboldt _c2007 |
||
| 300 | _a91 p. | ||
| 505 | _aProducto 1: Conocimiento tradicional y biodiversidad: materiales de trabajo para organizaciones indígenas | ||
| 505 | _aProducto 2: Conocimiento ancestral y biodiversidad: materiales de trabajo para organizaciones negras | ||
| 520 | _aEl propósito de elaborar material pedagógico es ayudar a las comunidades tradicionales de Colombia a comprender las conceptos básicos en materia de biopiratería. Se expone de manera general y sencilla lo que se entiende por biodiversidad y por el conocimiento tradicional asociado a la misma. | ||
| 650 |
_aComunidades negras _930100 |
||
| 650 |
_aComunidades indígenas _930101 |
||
| 650 |
_aCapacitación _992246 |
||
| 650 |
_aNegociación _95347 |
||
| 650 |
_aAcceso a recursos genéticos _992326 |
||
| 650 |
_aConocimiento tradicional _992244 |
||
| 650 |
_aBiopiratería _95348 |
||
| 650 |
_aArtesanías _930104 |
||
| 942 |
_cINFORME _2z |
||
| 999 |
_c5874 _d5874 |
||